[Event "Wch Disabilities 5th"]
[Site "Lublin"]
[Date "2023.08.22"]
[Round "4"]
[White "Szewczyk, Malwina"]
[Black "Sobocinski, Slawomir"]
[Result "1/2-1/2"]
[WhiteElo "1476"]
[BlackElo "1792"]
[PlyCount "21"]
[EventDate "2023.08.19"]
[EventType "swiss"]
[EventRounds "9"]
[EventCountry "POL"]
[SourceTitle "CBM 215 Extra"]
[Source "ChessBase"]
[SourceDate "2023.09.30"]
[SourceVersion "1"]
[SourceVersionDate "2023.09.30"]
[SourceQuality "1"]

1. e4 e5 2. Nf3 Nc6 3. d4 exd4 4. Nxd4 Nf6 5. Nc3 Bb4 6. Nxc6 bxc6 7. Bd3 d5 8. exd5 cxd5 9. 0-0 0-0 10. Bg5 c6 11. Qf3 1/2-1/2

[Event "Wch Disabilities 5th"]
[Site "Lublin"]
[Date "2023.08.19"]
[Round "1"]
[White "Sobocinski, Slawomir"]
[Black "Molenda, Marcin"]
[Result "0-1"]
[WhiteElo "1792"]
[BlackElo "2392"]
[PlyCount "120"]
[EventDate "2023.08.19"]
[EventType "swiss"]
[EventRounds "9"]
[EventCountry "POL"]
[SourceTitle "CBM 215 Extra"]
[Source "ChessBase"]
[SourceDate "2023.09.30"]
[SourceVersion "1"]
[SourceVersionDate "2023.09.30"]
[SourceQuality "1"]

1. e4 c5 2. d4 cxd4 3. c3 dxc3 4. Nxc3 Nc6 5. Nf3 d6 6. Bc4 a6 7. 0-0 Nf6 8. e5 dxe5 9. Qxd8+ Nxd8 10. Nxe5 Be6 11. Rd1 Bxc4 12. Nxc4 Rc8 13. Nb6 Rc6 14. Nbd5 Nxd5 15. Nxd5 e6 16. Ne3 Bd6 17. Bd2 Ke7 18. Bc3 f6 19. Rd3 Nf7 20. Rad1 Rd8 21. Kf1 Bc5 22. Rxd8 Nxd8 23. Ke2 Rd6 24. Rxd6 Bxd6 25. h4 b5 26. b3 Nc6 27. h5 Bc5 28. Ng4 e5 29. Ne3 Ke6 30. g4 g6 31. hxg6 hxg6 32. f3 Ne7 33. Nc2 Nd5 34. Bd2 f5 35. gxf5+ Kxf5 36. Ne1 e4 37. fxe4+ Kxe4 38. Ng2 Be7 39. Ne1 b4 40. Kf1 Bf6 41. Nc2 Bc3 42. Bg5 Kd3 43. Ne1+ Bxe1 44. Kxe1 Nc3 45. Bf6 Nxa2 46. Kd1 Nc3+ 47. Kc1 Nd5 48. Be5 g5 49. Kb2 g4 50. Bg3 Nc3 51. Bd6 Ne4 52. Bxb4 g3 53. Ba5 g2 54. Bb6 Ke2 55. Bg1 Kf1 56. Bh2 Ng5 57. Ka3 Nf3 58. Ka4 Nxh2 59. Ka5 g1Q 60. Kxa6 Qc5 0-1

[Event "Suwalki Warakomska Memorial op 4th"]
[Site "Suwalki"]
[Date "2020.08.13"]
[Round "9"]
[White "Marczukiewicz, Jerzy"]
[Black "Sobocinski, Slawomir"]
[Result "1/2-1/2"]
[WhiteElo "1912"]
[BlackElo "1914"]
[PlyCount "24"]
[EventDate "2020.08.06"]
[EventType "swiss"]
[EventRounds "9"]
[EventCountry "POL"]
[SourceTitle "CBM 197 Extra"]
[Source "ChessBase"]
[SourceDate "2020.09.30"]
[SourceVersion "1"]
[SourceVersionDate "2020.09.30"]
[SourceQuality "1"]

1. Nf3 c5 2. c4 Nf6 3. g3 d5 4. Bg2 Nc6 5. cxd5 Nxd5 6. d4 Nc7 7. dxc5 Qxd1+ 8. Kxd1 e5 9. Be3 Nd5 10. Bd2 e4 11. Ne1 f5 12. Nc3 Be6 1/2-1/2

[Event "Suwalki Warakomska Memorial op 4th"]
[Site "Suwalki"]
[Date "2020.08.09"]
[Round "5"]
[White "Sobocinski, Slawomir"]
[Black "Krasiewicz, Robert"]
[Result "0-1"]
[WhiteElo "1914"]
[BlackElo "2033"]
[PlyCount "138"]
[EventDate "2020.08.06"]
[EventType "swiss"]
[EventRounds "9"]
[EventCountry "POL"]
[SourceTitle "CBM 197 Extra"]
[Source "ChessBase"]
[SourceDate "2020.09.30"]
[SourceVersion "1"]
[SourceVersionDate "2020.09.30"]
[SourceQuality "1"]

1. d4 g6 2. Nf3 Bg7 3. e3 d6 4. c4 f5 5. Nc3 Nf6 6. Bd3 Nc6 7. 0-0 e5 8. d5 Ne7 9. Be2 0-0 10. b4 a5 11. bxa5 Rxa5 12. Bd2 b6 13. Nb5 Ra8 14. Bc3 Bd7 15. a4 Kh8 16. Qb3 Ne4 17. Bb4 g5 18. Nd2 Nf6 19. Rfd1 g4 20. Bc3 f4 21. exf4 exf4 22. Bd3 Ng6 23. Re1 Ne5 24. Rxe5 dxe5 25. Bxe5 Ne8 26. Qc3 Qe7 27. Bxg7+ Qxg7 28. Nd4 Rxa4 29. Re1 Nd6 30. Bc2 Raa8 31. Qd3 Bf5 32. Nxf5 Nxf5 33. Nb3 Rae8 34. Re6 Rxe6 35. dxe6 Qe5 36. h4 g3 37. fxg3 fxg3 38. Nd2 Qd4+ 39. Qxd4+ Nxd4 40. Be4 Nxe6 41. Nf1 Rf4 42. Bd5 Nd8 43. Nxg3 Rxh4 44. Nf5 Rf4 45. Ne3 Kg7 46. g3 Rf8 47. Kg2 Kf6 48. g4 Ke5 49. Kg3 c6 50. Bf3 Kd4 51. Kf2 Rf6 52. g5 Re6 53. Nf5+ Kxc4 54. Kg3 b5 55. Kf4 b4 56. Ne3+ Kd3 57. Nd1 b3 58. Nf2+ Kc3 59. Ne4+ Kc2 60. Nc5 b2 61. Nxe6 Nxe6+ 62. Ke3 Nxg5 63. Be2 b1Q 64. Bd3+ Kc1 65. Bxb1 Kxb1 66. Kf4 c5 67. Kxg5 c4 68. Kh6 c3 69. Kxh7 c2 0-1

[Event "Suwalki Warakomska Memorial op 4th"]
[Site "Suwalki"]
[Date "2020.08.06"]
[Round "1"]
[White "Shilov, Sergej"]
[Black "Sobocinski, Slawomir"]
[Result "1-0"]
[WhiteElo "2121"]
[BlackElo "1914"]
[PlyCount "115"]
[EventDate "2020.08.06"]
[EventType "swiss"]
[EventRounds "9"]
[EventCountry "POL"]
[SourceTitle "CBM 197 Extra"]
[Source "ChessBase"]
[SourceDate "2020.09.30"]
[SourceVersion "1"]
[SourceVersionDate "2020.09.30"]
[SourceQuality "1"]

1. e4 c5 2. Nf3 Nc6 3. d4 cxd4 4. Nxd4 g6 5. c4 Bg7 6. Be3 d6 7. Nc3 Nh6 8. Be2 f5 9. Nxc6 bxc6 10. Qd2 Nf7 11. h4 Qa5 12. exf5 Bxf5 13. h5 Ne5 14. Bh6 Bf6 15. Bg5 Bxg5 16. Qxg5 Bd3 17. f4 h6 18. Qg3 Bxe2 19. fxe5 Bxh5 20. exd6 0-0 21. dxe7 Rae8 22. Kd2 Rxe7 23. Rae1 Rd7+ 24. Kc1 Rdf7 25. Re5 Rf1+ 26. Rxf1 Rxf1+ 27. Kc2 Rf2+ 28. Qxf2 Qxe5 29. Qxa7 g5 30. Qa8+ Be8 31. a4 Kg7 32. a5 Bg6+ 33. Kb3 Qc5 34. Qb7+ Bf7 35. Qb4 Qd4 36. a6 h5 37. Qa4 Qc5 38. a7 Bxc4+ 39. Qxc4 Qxa7 40. Qxc6 Qb8+ 41. Kc2 Qf4 42. Qd7+ Kf8 43. Qc8+ Kg7 44. Qb7+ Kg8 45. b4 h4 46. Qe4 Qf6 47. b5 Kg7 48. Qb7+ Kg8 49. b6 Kh8 50. Qc8+ Kg7 51. Qc7+ Kh6 52. b7 Qf5+ 53. Kb3 Qe6+ 54. Kb2 Qe1 55. Qc6+ Kh5 56. b8Q Qf2+ 57. Ka3 Qd4 58. Qbe8+ 1-0